The rich and how they got that way : How the wealthiest people of all times - from Genghis Khan to Bill Gates - made their fortunes

Bibliographic Details
Main Author: Crossen, Cynthia
Format: Book
Published: London : Nicholas Brealey Publishing , 2000
Subjects:

MARC

LEADER 00000cam a2200000 7i4500
001 0000008430
005 20050422.0
020 |a 1857882628 
040 |a INS 
090 0 0 |a HG172.   |b C76 2000 
100 1 |a Crossen, Cynthia 
245 1 4 |a The rich and how they got that way :   |b How the wealthiest people of all times - from Genghis Khan to Bill Gates - made their fortunes   |c Cynthia Crossen 
260 |a London :   |b Nicholas Brealey Publishing ,   |c 2000 
300 |a 286p. ;   |c 24cm. 
650 0 0 |a Capitalists and financiers   |z United States   |x Biography 
650 0 0 |a Millionaires   |z United States   |x Biography 
650 0 0 |a Rich people   |z United States   |x Biography 
999 |a 0000007982   |b BOOK   |c Open Shelf   |e Default branch